Angličtina a ekonóm po vstupe do Európskej únie

Salvato in:
Dettagli Bibliografici
Autore principale: Ondrejová, Zuzana, 1953-
Natura: Capitolo di libro
Lingua:slovacco
Tags: Aggiungi Tag
Nessun Tag, puoi essere il primo ad aggiungerne!!

MARC

LEADER 00000naa$a2200000$$$4500
001 0063614
005 20240502071732.7
041 0 |a slo 
044 |a SK 
245 1 0 |a Angličtina a ekonóm po vstupe do Európskej únie  |c Zuzana Ondrejová 
100 1 |a Ondrejová, Zuzana, 1953-